Notice sur le fonctionnement du service d'identification par les signalements anthropométriques au dépôt de la Prefecture de Police / (Record no. 32717)

MARC details
000 -LEADER
campo de control de longitud fija 01132nam a2200229 i 4500
001 - NÚMERO DE CONTROL
campo de control 32717
003 - IDENTIFICADOR DE NÚMERO DE CONTROL
campo de control ES-MaACL
005 - FECHA Y HORA DE LA ÚLTIMA TRANSACCIÓN
campo de control 20250719062533.0
007 - CAMPO FIJO DE DESCRIPCIÓN FÍSICA--INFORMACIÓN GENERAL
campo de control de longitud fija t|
008 - DATOS DE LONGITUD FIJA--INFORMACIÓN GENERAL
campo de control de longitud fija 030131s1885 fr |||| | fre d
100 1# - ENTRADA PRINCIPAL--NOMBRE DE PERSONA
Nombre de persona Bertillon, Alphonse.
9 (RLIN) 199555
245 10 - MENCIÓN DEL TÍTULO
Título Notice sur le fonctionnement du service d'identification par les signalements anthropométriques au dépôt de la Prefecture de Police /
Mención de responsabilidad, etc. par Alphonse Bertillon.
260 ## - PUBLICACIÓN, DISTRIBUCIÓN, ETC.
Lugar de publicación, distribución, etc. París :
Nombre del editor, distribuidor, etc. [s.n.],
Fecha de publicación, distribución, etc. 1885.
300 ## - DESCRIPCIÓN FÍSICA
Extensión P. 905-912 ;
Dimensiones 28 cm.
500 ## - NOTA GENERAL
Nota general Extrait de L'Annuaire statistique de la ville de Paris pour 1883.
650 #4 - PUNTO DE ACCESO ADICIONAL DE MATERIA--TÉRMINO DE MATERIA
Término de materia o nombre geográfico como elemento de entrada Antropometría.
9 (RLIN) 135576
852 ## - LOCALIZACIÓN
Ubicación ES-MaACL
Número de control de estantería D-68(6)
Ubicación en estantería Sala Valle Inclán
Sublocalización o colección R.FOLL.1/6
Marcas de propiedad Sello en tinta en p. 905 "Donativo del Sr. lastres al Ateneo de Madrid. 1907"
Anotaciones manuscritas Anotación manuscrita en portada: "Folletos penitenciarios. T.8"
Donativo/Legado Donación: Francisco Lastres y Juiz
Encuadernación Encuadernado con otras obras formando un volumen facticio
-- Encuadernación holandesa
itemnumber 33938
903 ## - NOMBRE PERSONAL DE DONANTE
a Lastres y Juiz, Francisco,
d 1848-1918
q 1
e Donante
9 70504
942 ## - ELEMENTOS DE ENTRADA SECUNDARIOS (KOHA)
Fuente del sistema de clasificación o colocación Clasificación decimal universal
Tipo de ítem Koha Folleto
Holdings
Estatus retirado Estado de pérdida Fuente del sistema de clasificación o colocación Estado de daño No para préstamo Colección Biblioteca de origen Biblioteca actual Ubicación en estantería Fecha de adquisición Fuente de adquisición Total de préstamos Signatura topográfica completa Código de barras Visto por última vez Precio de reemplazo Tipo de ítem Koha
    Clasificación decimal universal     Colección de folletos Biblioteca del Ateneo de Madrid Biblioteca del Ateneo de Madrid Sala Valle Inclán 17/01/2008 Donación   D-68(6) 901033938 23/02/2023 23/02/2023 Folleto